| LDR | | 00000nam c2200205 k 4500 |
| 001 | | 000000341305 |
| 005 | | 20260415152054 |
| 007 | | ta |
| 008 | | 260407s2021 ulkad r 001a kor |
| 020 | |
▼a 9788999721342
▼g 93370 :
▼c \17000 |
| 040 | |
▼a 248032
▼c 248032
▼d 248032 |
| 049 | 0 |
▼l EM111932
▼l EM111933
▼c 2 |
| 056 | |
▼a 370.713
▼2 4 |
| 090 | |
▼a 370.713
▼b 김97ㄱ |
| 245 | 20 |
▼a 교육실습의 이론과 실제 =
▼x Educational Practice /
▼d 김희규,
▼e 김순미,
▼e 안성주 공저 |
| 250 | |
▼a 1판 |
| 260 | |
▼a 서울 :
▼b 학지사,
▼c 2021 |
| 300 | |
▼a 325 p. :
▼b 삽화, 표 ;
▼c 26 cm |
| 504 | |
▼a 참고문헌(p. 313-318) 및 색인(p. 319-325) 수록 |
| 653 | |
▼a 교육학
▼a 교수학습법
▼a 교육 실습 |
| 700 | 1 |
▼a 김희규,
▼e 저 |
| 700 | 1 |
▼a 김순미,
▼e 공저 |
| 700 | 1 |
▼a 안성주,
▼e 공저 |
| 950 | 0 |
▼b \17000 |
| 990 | |
▼a 관리자2
▼b 관리자2 |